Κατάλογος Βιβλιοθηκών Mediterranean College

Art and Photography (Record no. 3739)

MARC details
000 -LEADER
fixed length control field 01238cam a22002054a 4500
005 - ΗΜΕΡΟΜΗΝΙΑ ΚΑΙ ΩΡΑ ΤΕΛΕΥΤΑΙΑΣ ΕΝΗΜΕΡΩΣΗΣ
Πεδίο ελέγχου 20250605164124.0
008 - FIXED-LENGTH DATA ELEMENTS--GENERAL INFORMATION
Πεδίο ελέγχου σταθερού μήκους 250528s ||||||||||||||||||||||||d
035 ## - SYSTEM CONTROL NUMBER
System control number 18377
020 ## - ISBN
ISBN 140131329
040 ## - ΠΗΓΗ ΚΑΤΑΛΟΓΟΓΡΑΦΗΣΗΣ
Φορέας πρωτότυπης καταλογογράφησης MC Athens Campus Library
Γλώσσα καταλογογράφησης Ελληνικά, Μοντέρνα (1453-)
Modifying agency MC Athens Campus Library
Κανόνες περιγραφικής καταλογογράφησης AACR2
245 1# - ΤΙΤΛΟΣ ΚΑΙ ΔΗΛΩΣΗ ΥΠΕΥΘΥΝΟΤΗΤΑΣ
Τίτλος Art and Photography
260 ## - PUBLICATION, DISTRIBUTION, ETC.
Name of publisher, distributor, etc. Penguin Books,
Date of publication, distribution, etc. 1986
300 ## - PHYSICAL DESCRIPTION
Extent 400
505 0# - FORMATTED CONTENTS NOTE
Formatted contents note Preface, Introduction, The Invention of Photography, Portraiture, Landscape and Genre, Delacroix and Photography, The Dilemma of Realism, The Power of Photography, Impressionism, Degas and the Instantaneous Image, The Representation of Movement in Photography and Art, Photography as Art: Art as Photography, Beyond Photography, Beyond Art, Conclusion, Notes, List of Illustrations, Index.
520 ## - SUMMARY, ETC.
Summary, etc. Preface, Introduction, The Invention of Photography, Portraiture, Landscape and Genre, Delacroix and Photography, The Dilemma of Realism, The Power of Photography, Impressionism, Degas and the Instantaneous Image, The Representation of Movement in Photography and Art, Photography as Art: Art as Photography, Beyond Photography, Beyond Art, Conclusion, Notes, List of Illustrations, Index.
700 1# - ΠΡΟΣΘΕΤΗ ΑΝΑΓΡΑΦΗ--ΦΥΣΙΚΟ ΠΡΟΣΩΠΟ
Personal name Scharf Aaron
9 (RLIN) 4649
942 ## - ADDED ENTRY ELEMENTS (KOHA)
Koha item type Books
Holdings
Τύπος τεκμηρίου Βιβλιοθήκη Τρέχουσα τοποθεσία Barcode Αριθμός εισαγωγής Ημερομηνία απόκτησης Ταξιθετικό σύμβολο Αριθμός αντιτύπου Κατάσταση απόσυρσης Κατάσταση χαμένου Κατάσταση κατεστραμμένου Μη δανεισμός Σύνολο δανεισμών Ημερομηνία τελευταίας εμφάνισης Η τιμή ισχύει από
Books MC Athens Campus Library MC Athens Campus Library 9780000037381 3035 05/06/2025 770/.1/1 SCH 1           05/06/2025 05/06/2025

MC Athens Campus Library
Πατησίων 94 & Κοδριγκτώνος 13, 104 34
Πελλήνης 8 & Πατησίων 107, 112 51
Τ: +30 210 8899600

MC Thessaloniki Campus Library
Ίωνος Δραγούμη 21, 54625 | Ίωνος Δραγούμη 15, 54625
Τ: +30 2310 287779 – Τ: +30 2314 440300